Development and validation of analytical methods for CNS and CVS drugs including stability studies (Record no. 74486)

MARC details
000 -LEADER
fixed length control field 00373pam a2200133 a 4500
020 ## - INTERNATIONAL STANDARD BOOK NUMBER
Terms of availability
041 ## - LANGUAGE CODE
Language code of original
100 ## - MAIN ENTRY--PERSONAL NAME
Personal name Pawar, S M.
245 ## - TITLE STATEMENT
Title Development and validation of analytical methods for CNS and CVS drugs including stability studies
Medium Theses
260 ## - PUBLICATION, DISTRIBUTION, ETC.
Place of publication, distribution, etc. Pune
Name of publisher, distributor, etc. Bharati Vidyapeeth University
Date of publication, distribution, etc. 2013
300 ## - PHYSICAL DESCRIPTION
Extent 234.
700 ## - ADDED ENTRY--PERSONAL NAME
Personal name Dhaneshwar, S R.
930 ## - EQUIVALENCE OR CROSS-REFERENCE-UNIFORM TITLE HEADING [LOCAL, CANADA]
Uniform title 1189
Holdings
Withdrawn status Lost status Damaged status Not for loan Home library Current library Date acquired Source of acquisition Total Checkouts Full call number Barcode Date last seen Copy number Price effective from Koha item type
        Poona College of Pharmacy, Pune Poona College of Pharmacy, Pune 28/01/2015   PCP-PH-110 24/02/2023 1 24/02/2023 Book